header

The creative teaching & learning resource book (Record no. 144252)

MARC details
000 -LEADER
fixed length control field 01368nam a2200349 a 4500
082 04 - DEWEY DECIMAL CLASSIFICATION NUMBER
Classification number 371.102
100 1# - MAIN ENTRY--AUTHOR NAME
Personal name Best, Brin.
245 14 - TITLE STATEMENT
Title The creative teaching & learning resource book
260 ## - PUBLICATION, DISTRIBUTION, ETC. (IMPRINT)
Place of publication [London] ;
-- New York :
Name of publisher Continuum International Publishing Group,
Year of publication c2008.
300 ## - PHYSICAL DESCRIPTION
Number of Pages 238 p. :
Other physical details ill.
650 #0 - SUBJECT ADDED ENTRY--TOPICAL TERM
Topical Term Creative teaching.
Topical Term Effective teaching.
Topical Term Teachers
700 1# - ADDED ENTRY--PERSONAL NAME
Personal name Thomas, Will,
856 40 - ELECTRONIC LOCATION AND ACCESS
Uniform Resource Identifier http://site.ebrary.com/lib/rucke/Doc?id=10427639

No items available.

© 2026 Rongo University
Contact us: librarian | system librarian | Rongo university